00594nam a2200169 i 450000100060000000300090000600500170001500700030003200800410003524500730007626000340014930000300018370000400021385200320025399900170028595201220030245114ES-MaACL20230906161146.0t|030325s1970 sp ||||1| spa d00aCircuitos de transistores / c[traductor, Esau Rodríguez Pertusa]. aMadrid : bParaninfo, c1970. a141 p. : bil. ; c22 cm.1 aRodríguez Pertusa, Esaú.998732 aES-MaACLjC-48450 bR.72285 c45114d45114 00104070aATENEOMbATENEOMcDEPO2d2008-01-17eSCl0oC-48450p1047477r2023-02-23 00:00:00w2023-02-23yMONOGRAFIA